000 00266nam a22001217a 4500
008 171012b xxu||||| |||| 00| 0 eng d
041 _aeng
080 _27 ED
_a316
100 _a50
101 _aSOC
245 _aTHE LAST DANCE
_cALBERT.L.S
942 _2udc
_cBK
999 _c33454
_d33454